Sentido y forma de las novelas ejemplares / (Record no. 18177)

MARC details
000 -LEADER
campo de control de longitud fija 00981nam a2200229 i 4500
001 - NÚMERO DE CONTROL
campo de control 18177
003 - IDENTIFICADOR DE NÚMERO DE CONTROL
campo de control ES-MaACL
005 - FECHA Y HORA DE LA ÚLTIMA TRANSACCIÓN
campo de control 20240222171431.0
007 - CAMPO FIJO DE DESCRIPCIÓN FÍSICA--INFORMACIÓN GENERAL
campo de control de longitud fija t|
008 - DATOS DE LONGITUD FIJA--INFORMACIÓN GENERAL
campo de control de longitud fija 011003s1943 ag |||| | spa d
080 ## - NÚMERO DE LA CLASIFICACIÓN DECIMAL UNIVERSAL
Número de la Clasificación Decimal Universal 821.134.2 Cervantes Saavedra, Miguel de 7 Novelas ejemplares.06
100 1# - ENTRADA PRINCIPAL--NOMBRE DE PERSONA
Nombre de persona Casalduero, Joaquín,
Fechas asociadas al nombre 1903-1990
9 (RLIN) 36063
245 10 - MENCIÓN DEL TÍTULO
Título Sentido y forma de las novelas ejemplares /
Mención de responsabilidad, etc. Joaquín Casalduero.
260 ## - PUBLICACIÓN, DISTRIBUCIÓN, ETC.
Lugar de publicación, distribución, etc. Buenos Aires :
Nombre del editor, distribuidor, etc. Facultad de Filosofía y Letras de la Universidad de Buenos Aires, Instituto de Filología,
Fecha de publicación, distribución, etc. 1943.
300 ## - DESCRIPCIÓN FÍSICA
Extensión 219 p. ;
Dimensiones 24 cm.
490 1# - MENCIÓN DE SERIE
Mención de serie Revista de filología hispánica ;
Designación de volumen o secuencia Anejo 1
600 14 - PUNTO DE ACCESO ADICIONAL DE MATERIA--NOMBRE DE PERSONA
Nombre de persona Cervantes Saavedra, Miguel de,
Fechas asociadas al nombre 1547-1616.
Título de la obra Novelas ejemplares-
Subdivisión general Crítica e interpretación
9 (RLIN) 37622
710 2# - ENTRADA AGREGADA--NOMBRE DE ENTIDAD CORPORATIVA
Nombre de entidad corporativa o nombre de jurisdicción como elemento de entrada Instituto de Filología (Buenos Aires)
9 (RLIN) 4943
830 1# - PUNTO DE ACCESO ADICIONAL DE SERIE-TÍTULO UNIFORME
Título uniforme Revista de filología hispánica ;
Designación de volumen o secuencia Anejo 1
9 (RLIN) 227320
852 4# - LOCALIZACIÓN
Ubicación ES-MaACL
Número de control de estantería AND-100
Nota libre - Biblioteca Juan Andrade
Holdings
Estatus retirado Estado de pérdida Estado de daño No para préstamo Biblioteca de origen Biblioteca actual Ubicación en estantería Fecha de adquisición Fuente de adquisición Total de préstamos Signatura topográfica completa Código de barras Visto por última vez Precio de reemplazo Tipo de ítem Koha
        Biblioteca del Ateneo de Madrid Biblioteca del Ateneo de Madrid Depósito 2 17/01/2008     AND-100 1018585 23/02/2023 23/02/2023 Libro impreso